000 00450nam a2200193Ia 4500
008 151119s9999||||xx |||||||||||||| ||und||
082 _a823Cla/Bod
082 _bGKKV32538
100 _aClarke's Jane
245 _aBody Foods For Life
260 _aLondon
260 _bOrion
260 _c2013
600 _aClarke's Jane
630 _aBody Foods For Life
700 _aClarke's Jane
730 _aBody Foods For Life
942 _cBOOK
999 _c1084841
_d1084838